000 00781nam a22002294a 4500
005 20080729164931.0
008 080416s2008 waua 001 0 eng
010 _aENG-91444
020 _a9788120336674
_c350.00
035 _aEN-74977
037 _bDBAD / PUB
040 _aDPL
_bEnglish
082 _a620.1
100 _aSawhney, G.S.
245 _aEngineering mechanics /
_cby G.S. Sawhney
260 _aNew Delhi
_bPHI Learning
_c2008.
300 _aix, 522 p.
_c23 cm (pbk)
500 _aIncludes index.
650 _aMechanics, Applied.
942 _2ddc
_cEN
_mSAW
_h620.1
999 _c17387
_d17387